| 000 | 00727nam a2200205 4500 | ||
|---|---|---|---|
| 001 | 123503 | ||
| 003 | ES-MaACL | ||
| 005 | 20251011063129.0 | ||
| 007 | t| | ||
| 008 | 070214s1983 sp r ||||1| spa d | ||
| 100 | 1 |
_aQuilis, Antonio, _d1933-2003 _994630 |
|
| 245 | 1 | 0 |
_aLengua española I _b: ( para filología) / _cAntonio Quilis. |
| 250 | _a2ª. ed. corr. | ||
| 260 |
_aMadrid : _bGrefol, _c1983. |
||
| 300 |
_a6 t. en 2 v. : _bil. ; _c30 cm. |
||
| 500 | _aPrecede al Tit : Universidad Nacional de Educación a Distancia, Ministerio de Educación y Ciencia. | ||
| 710 | 2 |
_aUniversidad Nacional de Educación a Distancia (España) _97405 |
|
| 852 |
_aES-MaACL _jL-6998-9 _bR.107921 |
||
| 999 |
_c123503 _d123503 |
||